LEADER 00921nam0-22003131i-450- 001 990003983890403321 005 20050720145742.0 010 $a88-464-4625-9 035 $a000398389 035 $aFED01000398389 035 $a(Aleph)000398389FED01 035 $a000398389 100 $a20031202d2003----km-y0itay50------ba 101 0 $aita 102 $aIT 105 $aa---a---001yy 200 1 $aArea "Turismo, ospitalità e tempo libero"$fIsfol 210 $aMilano$cFranco Angeli$d2003 215 $a248 p.$d22 cm 610 0 $aOfferta turistica 610 0 $aFigure professionali 710 02$aIsfol$9$0423065 801 0$aIT$bUNINA$gRICA$2UNIMARC 901 $aBK 912 $a990003983890403321 952 $a046.009.ISF$b5054$fDECGE 959 $aDECGE 996 $aArea "Turismo, ospitalità e tempo libero"$9474266 997 $aUNINA LEADER 01229cam0-22004571i-450 001 990001314430403321 005 20200318081128.0 035 $a000131443 035 $aFED01000131443 035 $a(Aleph)000131443FED01 035 $a000131443 100 $a20001205d1977----km-y0itay50------ba 101 0 $aita 102 $aIT 105 $ay---a---a01yy 200 1 $aEsercizi di algebra superiore$fD. K. Faddeev, I. S. Sominskij 210 $aRoma$cEditori Riuniti$dc1977 215 $a280 p.$d22 cm 225 1 $aNuova biblioteca di cultura$v171 610 0 $aAlgebra$aEsercizi 610 0 $aAlgebra 610 0 $aTeoria delle equazioni 610 0 $aCalcolo vettoriale 676 $a512.9 676 $a512 700 1$aFaddeev,$bD.K.$054853 701 1$aSominski,$bI.S.$059208 801 0$aIT$bUNINA$gRICA$2UNIMARC 901 $aBK 912 $a990001314430403321 952 $a120-H-20$b9738$fMA1 952 $a13 K 61 18$b32887$fFINBC 952 $a10-160F$fFI1 952 $a10-160.001F FV$bF.V. 142$fFI1 952 $a02 14 E 32$b8493$fFINBN 959 $aMA1 959 $aFINBC 959 $aFI1 959 $aFINBN 996 $aEsercizi di algebra superiore$9382793 997 $aUNINA LEADER 04301nam 2201153z- 450 001 9910557297403321 005 20250829223933.0 035 $a(CKB)5400000000041065 035 $a(oapen)https://directory.doabooks.org/handle/20.500.12854/68509 035 $a(oapen)doab68509 035 $a(EXLCZ)995400000000041065 100 $a20202105d2021 |y 0 101 0 $aeng 135 $aurmn|---annan 181 $ctxt$2rdacontent 182 $cc$2rdamedia 183 $acr$2rdacarrier 200 00$aChild Injury and the Determinants of Health 210 $aBasel, Switzerland$cMDPI - Multidisciplinary Digital Publishing Institute$d2021 215 $a1 online resource (150 p.) 311 08$a3-0365-0600-4 311 08$a3-0365-0601-2 330 $aThe World Health Organization recognizes that injuries are the leading cause of death and disability to children after their first birthday. There is also high morbidity associated with injuries sustained in childhood, often affecting people for the rest of their lives. For every child who dies from injury, there are several thousand who require medical care, many who live with varying degrees of disability. Children and adolescents (0-19 years of age) are at increased risk of mortality and morbidity due to injuries such as road traffic, burns, falls, poisoning, drowning, self-harm and interpersonal violence. There are proven ways to prevent many child injuries, yet there are still gaps in our knowledge. By understanding the impact of determinants of health (i.e., the social and economic environment, the physical environment and a person's individual characteristics and behaviors), effective prevention interventions can be designed and implemented, with a high return on investment. This Special Issue covers an eclectic range of studies, the common goal of which is to reduce the global burden of child injury-related mortality and morbidity. 606 $aHumanities$2bicssc 606 $aSocial interaction$2bicssc 610 $aadolescent 610 $aagriculture 610 $achild 610 $achild health 610 $achild-play 610 $achildren 610 $adeterminants of health 610 $adrowning 610 $aepidemiology 610 $aexercise 610 $afalls 610 $afarm 610 $aFMSTM 610 $aforce-angle relationship 610 $afunctional movement 610 $afundamental movement patterns 610 $agender difference 610 $aGlobal Burden of Disease 610 $agrowth spurt 610 $aimplementation science 610 $aIndia 610 $ainjury 610 $ainjury prevention 610 $ainstitutionalized child 610 $aintervention 610 $aisokinetic muscle strength 610 $alife jacket 610 $alow-and middle-income country 610 $amaturation 610 $amaximal voluntary contraction 610 $amobile phone 610 $amortality 610 $amultisector 610 $amuscle-tendon unit 610 $amusculoskeletal injury 610 $aoccupational injury 610 $aoral manifestations 610 $apoisoning 610 $apolicy 610 $apreventative medicine 610 $aprevention 610 $aprotective factors 610 $apubescence 610 $aqualitative research 610 $arisk behaviors 610 $arisk factor 610 $arisk factors 610 $aroad traffic injury 610 $arurality 610 $asafety 610 $aself-harm 610 $aself-injurious behavior 610 $asocial determinants 610 $asocio-economic 610 $asports 610 $astakeholder 610 $asupervision 610 $aswimming ability 610 $aswimming lessons 610 $atransport 610 $aviolence 610 $awater 610 $awater safety 610 $awork 615 7$aHumanities 615 7$aSocial interaction 700 $aPeden$b Amy$4edt$01320362 702 $aFranklin$b Richard$4edt 702 $aPeden$b Amy$4oth 702 $aFranklin$b Richard$4oth 906 $aBOOK 912 $a9910557297403321 996 $aChild Injury and the Determinants of Health$93034189 997 $aUNINA